Por qué la sustentabiilidad es hoy el impulsor clave de la innovación (Registro nro. 10988)
[ vista simple ]
| 000 -LEADER | |
|---|---|
| fixed length control field | 00453 a2200133 4500 |
| 001 - CONTROL NUMBER | |
| control field | ART_15051 |
| 005 - DATE AND TIME OF LATEST TRANSACTION | |
| control field | 20260410161615.0 |
| 008 - FIXED-LENGTH DATA ELEMENTS--GENERAL INFORMATION | |
| fixed length control field | 260409a |
| 100 1# - MAIN ENTRY--PERSONAL NAME | |
| Personal name | Prahalad, C. K. |
| 245 10 - TITLE STATEMENT | |
| Title | Por qué la sustentabiilidad es hoy el impulsor clave de la innovación |
| 700 1# - ADDED ENTRY--PERSONAL NAME | |
| Personal name | Nidumolu, Ram |
| 700 1# - ADDED ENTRY--PERSONAL NAME | |
| Personal name | Rangaswami, M. R. |
| 773 0# - HOST ITEM ENTRY | |
| Title | Harvard Business Review |
| Related parts | La formación de los ejecutivos - Vol. 88, Nº 7 (ago. 2010) |
| Record control number | REV340 |
No hay ítems disponibles.